La Vida marítima (Record no. 2363)

MARC details
000 -LEADER
campo de control de longitud fija 01223nas a2200313 i 4500
001 - NÚMERO DE CONTROL
campo de control 2363
003 - IDENTIFICADOR DE NÚMERO DE CONTROL
campo de control ES-MaACL
005 - FECHA Y HORA DE LA ÚLTIMA TRANSACCIÓN
campo de control 20250217134619.0
008 - DATOS DE LONGITUD FIJA--INFORMACIÓN GENERAL
campo de control de longitud fija 950801d19021922sp s| po | ||pa d
022 ## - NÚMERO INTERNACIONAL NORMALIZADO PARA PUBLICACIONES SERIADAS
Número Internacional Normalizado para Publicaciones Seriadas 9958-5839
080 ## - NÚMERO DE LA CLASIFICACIÓN DECIMAL UNIVERSAL
Número de la Clasificación Decimal Universal 460
080 ## - NÚMERO DE LA CLASIFICACIÓN DECIMAL UNIVERSAL
Número de la Clasificación Decimal Universal 656.614.3(460)
080 ## - NÚMERO DE LA CLASIFICACIÓN DECIMAL UNIVERSAL
Número de la Clasificación Decimal Universal 797.1
245 03 - MENCIÓN DEL TÍTULO
Título La Vida marítima
Resto del título : revista de navegación y comercio, marina militar, deportes naúticos, pesquerías e industrias de mar /
Mención de responsabilidad, etc. Órgano de propaganda de la Liga Marítima Española.
260 ## - PUBLICACIÓN, DISTRIBUCIÓN, ETC.
Lugar de publicación, distribución, etc. Madrid :
Nombre del editor, distribuidor, etc. La Vida Marítima,
Fecha de publicación, distribución, etc. 1902-1922.
300 ## - DESCRIPCIÓN FÍSICA
Extensión 21 v. :
Otras características físicas grab. ;
Dimensiones 32 cm.
310 ## - PERIODICIDAD ACTUAL
Periodicidad actual Quincenal
321 ## - PERIODICIDAD ANTERIOR
Periodicidad anterior Decenal,
Fechas de la periodicidad anterior 1902-1920
362 1# - FECHAS DE PUBLICACIÓN Y/O DESIGNACIÓN SECUENCIAL
Fecha de publicación y/o designación secuencial Año 1, n. 1 (en. 1902)-(1922)
530 ## - NOTA DISPONIBLE DE FORMULARIO FÍSICO ADICIONAL
Nota de formato físico adicional disponible Disponible en formato digital.
650 14 - PUNTO DE ACCESO ADICIONAL DE MATERIA--TÉRMINO DE MATERIA
Término de materia o nombre geográfico como elemento de entrada Industria. Comunicaciones.
9 (RLIN) 13720
650 #4 - PUNTO DE ACCESO ADICIONAL DE MATERIA--TÉRMINO DE MATERIA
Término de materia o nombre geográfico como elemento de entrada Marina mercante-
Subdivisión geográfica España-
Subdivisión cronológica S.XX.
9 (RLIN) 153541
650 #4 - PUNTO DE ACCESO ADICIONAL DE MATERIA--TÉRMINO DE MATERIA
Término de materia o nombre geográfico como elemento de entrada Deportes acuáticos.
9 (RLIN) 141455
710 2# - ENTRADA AGREGADA--NOMBRE DE ENTIDAD CORPORATIVA
Nombre de entidad corporativa o nombre de jurisdicción como elemento de entrada Liga Marítima Española.
9 (RLIN) 158272
852 ## - LOCALIZACIÓN
Ubicación ES-MaACL
Número de control de estantería Hem-541
856 ## - LOCALIZACIÓN Y ACCESO ELECTRÓNICOS
Identificador Uniforme de Recursos <a href="http://bdh.bne.es/bnesearch/Search.do?numfields=1&field1=id_publicacion&field1val=0002741281&field1Op=AND&advanced=true&showYearItems=true&fillForm=false&sort=anho">http://bdh.bne.es/bnesearch/Search.do?numfields=1&field1=id_publicacion&field1val=0002741281&field1Op=AND&advanced=true&showYearItems=true&fillForm=false&sort=anho</a>
Nota pública Hemeroteca Digital
866 #0 - MENCIÓN TEXTUAL DE FONDOS--UNIDAD BIBLIOGRÁFICA BÁSICA
Fondos 1902-22.
Holdings
Estatus retirado Estado de pérdida Estado de daño No para préstamo Colección Biblioteca de origen Biblioteca actual Ubicación en estantería Fecha de adquisición Fuente de adquisición Total de préstamos Signatura topográfica completa Código de barras Visto por última vez Precio de reemplazo Tipo de ítem Koha
        Colección digital Biblioteca del Ateneo de Madrid Biblioteca del Ateneo de Madrid Depósito 1 17/01/2008     Hem-541 1002404 23/02/2023 23/02/2023 Revista